| 000 | 00465nam a2200169Ia 4500 | ||
|---|---|---|---|
| 999 |
_c22014 _d22014 |
||
| 003 | OSt | ||
| 005 | 20201014123639.0 | ||
| 008 | 190216s9999||||xx |||||||||||||| ||und|| | ||
| 040 | _coclc | ||
| 082 |
_a297 _bAHM/E |
||
| 100 |
_aAhmed, Anisudeen _95720 |
||
| 245 | 0 |
_aEthu Margam / _cAnisudeen Ahmed |
|
| 260 |
_bIslamic Publishing House, _c1974. |
||
| 300 | _a120p | ||
| 650 | _aIslamic History | ||
| 942 |
_cBK _2ddc _h297 _iAHM/E _k297 _mAHM/E |
||